000 00187nam a22000857a 4500
082 _a823
100 _aYOGESH JOSHI
245 _aMORAL STORIES INSPIRATIONAL STORIES FOR CHILDREN
942 _cBK
999 _c8305
_d8305